000 00640nam a2200229Ia 4500
003 OSt
005 20220918172509.0
006 a|||||r|||| 00| 0
007 ta
008 220917b |||||||| |||| 00| 0 eng d
024 _a1,195
037 _cTextual
040 _aARTS
_cARTS
_beng
041 _2eng
_aeng
082 _aRz7, J45
100 _aMacDonald Margeret ed
_941868
245 0 _aPhilosophy and analysis
_b a selection of articles published in Analysis between 1933-40 and 1947-53
260 _c1954
650 _aPHILOSOPHY
942 _hRz7, J45
_cTEXL
_2CC
999 _c144223
_d144223